Gemeenten van Zeeland (2026) - Statistieken

Algemene statistieken
  • Deze quiz is 235 keer genomen
  • De gemiddelde score is 8 van 13
Antwoorden op de kaart
Antwoorden kleurgecodeerd door een groen-rode schaal op de quizkaart volgens % correct hieronder.
 
Antwoordstatistieken
Antwoord % Correct
Middelburg
98%
Goes
88%
Vlissingen
87%
Terneuzen
85%
Sluis
65%
Tholen
60%
Hulst
56%
Veere
54%
Noord-Beveland
52%
Schouwen-Duiveland
52%
Kapelle
44%
Borsele
42%
Reimerswaal
38%
Geen overeenkomende quizzen gevonden
Scoreverdeling
Procent van Mensen met Elke Score
Percentiel versus Aantal Correcte Antwoorden
Uw Scoregeschiedenis
U heeft deze quiz nog niet genomen